|
|
|
|
| LEADER |
00000nas a2200000 a 4500 |
| 001 |
vtls001473945 |
| 003 |
SK-MaSNL |
| 005 |
20260228160822.0 |
| 008 |
160624u19uu xo ku a 0 0eng c |
| 035 |
|
|
|a SNK000429247
|
| 040 |
|
|
|a SNK
|b slo
|c SNK
|e AACR2
|
| 041 |
0 |
|
|a eng
|
| 245 |
1 |
|
|a Annual report ...
|c Nadácia otvorenej spoločnosti - Open Society Foundation
|
| 260 |
|
|
|a [Bratislava
|b Nadácia otvorenej spoločnosti]
|
| 300 |
|
|
|a zv.
|c 24 cm
|
| 310 |
|
|
|a Ročenka
|
| 362 |
0 |
|
|a 1999-
|
| 500 |
|
|
|a Popis podľa: R. 1999
|
| 500 |
|
|
|a Súčasťou názvu je označenie bežného roku
|
| 655 |
|
7 |
|a ročenky
|2 SNK
|9 57146
|
| 850 |
|
|
|a Slovenská národná knižnica v Martine
|
| 999 |
|
|
|c 3671
|d 5601
|
| 952 |
|
|
|0 0
|1 0
|4 0
|7 0
|a SNK
|b SNK
|d 2004-04-28
|g 1.66
|i snkK 1398/2003
|l 0
|o snkČSC 3378/1999
|p 17A0367538
|r 2005-01-02 00:00:00
|t P60, <06>, [ISSUE], {606}, -P-
|w 2026-02-21
|y PREZ
|